Panorama de la psiquiatría en Costa Rica

保存先:
書誌詳細
第一著者: Gallegos, Alvaro
フォーマット: テキスト
出版事項: Heredia: IDELA
タグ: タグ追加
タグなし, このレコードへの初めてのタグを付けませんか!

MARC

LEADER 00000 a a2200000 04500
001 16308
003
040
090 |a 013700  
100 |a Gallegos, Alvaro  
245 |a Panorama de la psiquiatría en Costa Rica  
260 |a Heredia:   |b IDELA  
300 |a 43 p.  
999 |c 8234  |d 8234